Criminology

Salvato in:
Dettagli Bibliografici
Autore principale: Conklin, John E.
Natura: Libro
Lingua:inglese
Pubblicazione: New York MacMillan Publ. Co. 1989
Edizione:3. ed.
Soggetti:
Tags: Aggiungi Tag
Nessun Tag, puoi essere il primo ad aggiungerne!!

MARC

LEADER 00000nam a2200000 4500
001 c004006
005 20241031104737.3
020 |a 0-02-323801-1 
041 0 |a eng 
044 |a US 
245 1 0 |a Criminology  |c John E. Conklin 
250 |a 3. ed. 
264 1 |a New York  |b MacMillan Publ. Co.  |c 1989 
300 |a 601 s. 
610 2 0 |a právo trestné 
610 2 0 |a kriminológia 
100 1 |a Conklin, John E.